CLSSSICAL MECHANICS (Record no. 17012)

MARC details
000 -LEADER
fixed length control field 00416nam a22001697a 4500
003 - CONTROL NUMBER IDENTIFIER
control field OSt
005 - DATE AND TIME OF LATEST TRANSACTION
control field 20211105160857.0
008 - FIXED-LENGTH DATA ELEMENTS--GENERAL INFORMATION
fixed length control field 211105b |||||||| |||| 00| 0 eng d
020 ## - INTERNATIONAL STANDARD BOOK NUMBER
International Standard Book Number ISBN 8178085666
040 ## - CATALOGING SOURCE
Transcribing agency HU
082 ## - DEWEY DECIMAL CLASSIFICATION NUMBER
Edition number THIRD EDITION
Classification number 531
100 ## - MAIN ENTRY--PERSONAL NAME
Personal name GOLDSTEN
9 (RLIN) 17153
245 ## - TITLE STATEMENT
Title CLSSSICAL MECHANICS
260 ## - PUBLICATION, DISTRIBUTION, ETC.
Place of publication, distribution, etc. UIVERSITIY OF SOUTH CAROLINU
Name of publisher, distributor, etc. ASIU
Date of publication, distribution, etc. 2002
300 ## - PHYSICAL DESCRIPTION
Extent 636
942 ## - ADDED ENTRY ELEMENTS (KOHA)
Source of classification or shelving scheme Dewey Decimal Classification
Koha item type Books like text book referance book
Suppress in OPAC No

No items available.